[Event "EU-chT Seniors 11th"]
[Site "Velden"]
[Date "2009.04.09"]
[Round "5"]
[White "Bue, Gunnar"]
[Black "Leitner, Renate"]
[Result "1-0"]
[WhiteElo "1817"]
[BlackElo "1635"]
[PlyCount "91"]
[EventDate "2009.04.05"]
[EventType "team-swiss"]
[EventRounds "9"]
[EventCountry "AUT"]
[SourceTitle "CBM 129 Extra"]
[Source "ChessBase"]
[SourceDate "2009.05.05"]
[SourceVersion "2"]
[SourceVersionDate "2009.05.20"]
[SourceQuality "1"]

1. d4 d5 2. c4 Nf6 3. Nf3 Nc6 4. e3 e6 5. a3 Be7 6. Bd3 Bd7 7. 0-0 0-0 8. Nc3 b6 9. b3 a6 10. Bb2 Bd6 11. Rc1 Ne7 12. c5 bxc5 13. dxc5 Bxc5 14. Nxd5 Nfxd5 15. Rxc5 c6 16. Ne5 Be8 17. Qe2 f6 18. Nc4 Qb8 19. b4 Nc7 20. Rc1 Ncd5 21. Na5 Qc8 22. g3 Nb6 23. Qc2 Ra7 24. Bxh7+ Kh8 25. Be4 Nbd5 26. Bf3 f5 27. e4 fxe4 28. Bxe4 Rc7 29. Be5 Ra7 30. Qd2 Kg8 31. Qg5 Nf6 32. Bxc6 Nxc6 33. Bxf6 Rxf6 34. Nxc6 Bxc6 35. Rxc6 Qd7 36. Rc8+ Kh7 37. Qh5+ Rh6 38. Qe5 Qd2 39. Qe4+ Rg6 40. Qe3 Qd7 41. R1c4 Qe7 42. Qf4 Rd7 43. Qh4+ Qxh4 44. Rxh4+ Rh6 45. Rxh6+ Kxh6 46. Rc6 1-0